00991nam a2200253 a 450000100100000000500170001000800410002704000250006808200260009310000410011924500640016025000110022426000360023530000280027149000270029965000290032665000310035583000320038691000390041804900090045795201240046695201300059099900170072000001383520250522115618.0091130s1983 dr a 000 e spa d aDO-SdBNPbspacBNPHU aRD864.44bP438r, 19831 aPérez, Mario Emilio,d1935-92218310aRecuerdos del barrio de San Miguel /cMario Emilio Pérez. a2a ed. aSanto Domingo :bTaller,c1983. a169 p. :bil. ;c21 cm.1 aBiblioteca Tallerv102 0aCuentos dominicanos9176 0aLiteratura dominicana.967 0aBiblioteca Tallerv1029164 aValidado. Control de calidad BNPHU aBNPD 0010718PDaPDbPDcHDd2009-11-30iLF1l0oRD864.44 P438r, 1983p13835-10r2020-06-25w2020-06-25yLFPDZNo se presta 0010718PDaPDbPDcHDd2009-12-07iLF1l0oRD864.44 P438r, 1983p13835-20r2020-06-25te. 2w2020-06-25yLFPDZNo se presta c13446d13446